Eastern Utah Libraries Catalog: Duchesne, Heber, Roosevelt, & Vernal

The red car to Hollywood / (Record no. 415947)

MARC details
000 -LEADER
fixed length control field 02332aam a2200397 i 4500
001 - CONTROL NUMBER
control field in902952608
005 - DATE AND TIME OF LATEST TRANSACTION
control field 20260304180155.0
008 - FIXED-LENGTH DATA ELEMENTS--GENERAL INFORMATION
fixed length control field 250228t20252025mnu d 000 1 eng
010 ## - LIBRARY OF CONGRESS CONTROL NUMBER
LC control number 2024006160
020 ## - INTERNATIONAL STANDARD BOOK NUMBER
International Standard Book Number 9781728493213
Qualifying information (hbk.)
035 ## - SYSTEM CONTROL NUMBER
System control number (OCoLC)1513516844
040 ## - CATALOGING SOURCE
Original cataloging agency TnLvILS
Language of cataloging eng
Description conventions rda
Transcribing agency TnLvILS
Modifying agency TnLvILS
050 #4 - LIBRARY OF CONGRESS CALL NUMBER
Classification number PZ7.1.L5846
Item number Re 2025
082 04 - DEWEY DECIMAL CLASSIFICATION NUMBER
Classification number [Fic]
Edition number 23/eng/20250407
092 ## - LOCALLY ASSIGNED DEWEY CALL NUMBER (OCLC)
Classification number young adult fiction
Item number Liu
100 1# - MAIN ENTRY--PERSONAL NAME
Personal name Liu, Jennie,
Dates associated with a name 1971-
Relator term author.
9 (RLIN) 6560129
245 14 - TITLE STATEMENT
Title The red car to Hollywood /
Statement of responsibility, etc Jennie Liu.
264 #1 - Production, Publication, Distribution, Manufacture, and Copyright Notice.
Place of production, publication, distribution, manufacture [Minneapolis, Minnesota] :
Name of producer, publisher, distributor, manufacturer Carolrhoda Lab,
Date of production, publication, distribution, manufacture, or copyr [2025]
264 #4 - Production, Publication, Distribution, Manufacture, and Copyright Notice.
Date of production, publication, distribution, manufacture, or copyr �2025
300 ## - PHYSICAL DESCRIPTION
Extent 256 pages ;
Dimensions 22 cm
336 ## - Content Type
Content type term text
337 ## - Media type
Media type term unmediated
338 ## - Carrier type
Carrier type term volume
520 ## - SUMMARY, ETC.
Summary, etc Los Angeles, 1924 Sixteen-year-old Ruby Chan considers herself a modern, independent American girl. But when her secret relationship with a white boy implodes- and then is revealed to her very traditional Chinese parents- she's in a tough spot. Horrified that Ruby's reputation is at risk, her parents hire a matchmaker to find her a Chinese husband. Ruby is determined to foil their plans. But how? Meanwhile, Ruby meets the nineteen-year-old film star Anna May Wong, one of her neighbors in LA's Chinatown. The girls quickly strike up a friendship. Anna May defies Chinese convention by working as an actress on the silver screen, and she scoffs at white people's assumptions about her. If she can forge her own path, surely Ruby can too. Not everything is as it seems, though. Danger and betrayal lurk amidst the new possibilities. To build the life she wants, Ruby will have to contend with how others see her--and decide if she's ready to truly see herself.
586 0# - AWARDS NOTE
Awards note Asian/Pacific Young Adult Winner, 2026
650 #0 - SUBJECT ADDED ENTRY--TOPICAL TERM
Topical term or geographic name as entry element Actresses
Form subdivision Juvenile fiction.
9 (RLIN) 5721556
650 #0 - SUBJECT ADDED ENTRY--TOPICAL TERM
Topical term or geographic name as entry element Chinese Americans
Form subdivision Juvenile fiction.
9 (RLIN) 5686580
650 #0 - SUBJECT ADDED ENTRY--TOPICAL TERM
Topical term or geographic name as entry element Families
Form subdivision Juvenile fiction.
9 (RLIN) 5674031
650 #0 - SUBJECT ADDED ENTRY--TOPICAL TERM
Topical term or geographic name as entry element Friendship
Form subdivision Juvenile fiction.
9 (RLIN) 5673647
650 #0 - SUBJECT ADDED ENTRY--TOPICAL TERM
Topical term or geographic name as entry element Asian/Pacific American Award
9 (RLIN) 6483901
650 #1 - SUBJECT ADDED ENTRY--TOPICAL TERM
Topical term or geographic name as entry element Actors and actresses
Form subdivision Fiction.
9 (RLIN) 5689298
650 #1 - SUBJECT ADDED ENTRY--TOPICAL TERM
Topical term or geographic name as entry element Chinese Americans
Form subdivision Fiction.
9 (RLIN) 5686720
650 #1 - SUBJECT ADDED ENTRY--TOPICAL TERM
Topical term or geographic name as entry element Family life
Form subdivision Fiction.
9 (RLIN) 5674038
650 #1 - SUBJECT ADDED ENTRY--TOPICAL TERM
Topical term or geographic name as entry element Friendship
Form subdivision Fiction.
9 (RLIN) 5673769
942 ## - ADDED ENTRY ELEMENTS (KOHA)
Source of classification or shelving scheme Dewey Decimal Classification
Koha item type BOOK
Holdings
Withdrawn status Lost status Source of classification or shelving scheme Damaged status Not for loan Collection code Home library Current library Shelving location Date acquired Source of acquisition Total Checkouts Full call number Barcode Date last seen Cost, replacement price Price effective from Koha item type
    Dewey Decimal Classification     Young Adult Fiction Wasatch County Library Wasatch County Library Main Floor Teen Area 03/05/2026 Ingram   YA Liu 34301002181024 03/05/2026 19.99 03/05/2026 BOOK
This project was made possible through a grant from the Institute of Museum and Library Service administered by the Utah State Library Division.

Wasatch County Library

  • 465 East 1200 South, Heber City, Utah 84032
  • Phone 435-654-1511 | Fax 435-654-6456

Hours

  • Monday - Friday 9:30 AM - 8:00 PM
  • Saturday 9:30 AM - 1:30 PM
  • Closed Sundays and Holidays